| 000 | 01232nam a2200325 i 4500 | ||
|---|---|---|---|
| 001 | bg | ||
| 003 | BPK | ||
| 005 | 20240828062852.0 | ||
| 008 | 061129s2006 pl a |000 e pol | ||
| 015 | _aPB 2007/2945 | ||
| 020 | _a8372415471 | ||
| 020 | _a9788372415479 | ||
| 040 |
_aWA N _cBPK |
||
| 041 | 0 |
_apol _bger |
|
| 080 | _a330.14 | ||
| 080 | _a658.14/.17 | ||
| 100 | 1 |
_aIwin-Garzyńska, Jolanta _eAutor |
|
| 245 | 1 | 0 |
_aO finansowej istocie kapitału : _besej / _cJolanta Iwin-Garzyńska. |
| 260 |
_aSzczecin : _bWydawnictwo Naukowe Uniwersytetu Szczecińskiego, _c2006. |
||
| 300 |
_a73, [2] s. : _bil. ; _c24 cm. |
||
| 490 | 1 |
_aRozprawy i Studia / Uniwersytet Szczeciński, _x0860-2751 ; _vt. (695) 621. |
|
| 500 | _aNa s. tyt. także t. 695 oznaczający numer kolejny serii Rozprawy i Studia do nr 74 wydawanej przez Wyższą Szkołę Pedagogiczną w Szczecinie. | ||
| 504 | _aBibliogr. s. 67-73. | ||
| 546 | _aStreszcz. niem. | ||
| 650 | 4 |
_aKapitał _xteoria. |
|
| 650 | 4 |
_aFinanse przedsiębiorstwa _xfinanse. |
|
| 710 | 2 |
_aWydawnictwo Naukowe Uniwersytetu Szczecińskiego _b _4pbl. |
|
| 830 | 0 |
_aRozprawy i Studia - Uniwersytet Szczeciński, _vt. 621. |
|
| 942 |
_2UKD _cKS |
||
| 999 |
_c52202 _d52202 |
||